000 01163njm a22002657a 4500
005 20100907115243.0
007 sd ammalaaahaa
008 100907t xxu||||| |||| 00| 0 eng d
028 _aN. 88367
_bHis Master's Voice
035 _aGR-01156
040 _aSED/VEN
100 _aShinde, Krishna
_918700
245 _aModen part-1 /
_cby Krishna Shinde; music by Madhukar ; Pathak Lyrics by Sahebrao kokate
246 _aमोडर्न (कृष्ण शिंदे )
260 _aDam Dam, India
_bHis Mater's Voice
300 _a1 Sound Disc [Gramophone Record] :
_banalog.33 1/33 rpm
_c10 in (LP)
_fGramophone Record
500 _aBrief Record
505 _ajab ke dhal jayegi ye jawani, bhabhi ne mere bhaiya ka diwala nikala (जब के ढल जाएगी ये जवानी) (भाभी ने मेरे भैया का दिवाला निकला )
650 _aClassical Music
_xExcerpts
_zIndia
_918707
700 _918701
_aPathak, Madhukar
700 _aKokate, Sahebrao
_918729
700 _918702
942 _2ddc
_cGR
999 _c44195
_d44195